LEADER 01587nam a2200301 a 4500 001 000000126665 003 CaOOAMICUS 005 20111025113019.0 008 111025s2011 it u000 u ita r 020 $a978-88-6240-123-4 040 $aPUL$bita 082 04$a220 110 2 $aFederazione Biblica Cattolica.$bCongresso internazionale "La Sacra Scrittura nella vita e nella missione della Chiesa"$c(Roma :$d2010).$0(OLS)http://pul/name/80742 245 10$aAscoltare, rispondere, vivere :$batti del congresso internazionale "La Sacra Scrittura nella vita e nella missione della Chiesa" (Roma, 1-4 dicembre 2010) /$cacura di Ernesto Borghi ; David Banon ... [et al.]. 260 $aMilano :$bEdizioni Terra Santa,$c©2011. 300 $a238 p. ;$c24 cm 504 $aBibliografia: p. [231]-238. 630 04$aBiblia$vCongressi.$0(OLS)http://pul/subject/9582 700 1 $aBorghi, Ernesto,$d1964-$0(OLS)http://pul/name/59730 700 1 $aBanon, David.$0(OLS)http://pul/name/71956 850 $aPUL 852 $aPUL$W1$xSL Religione 3$y85$m220 BORER 1$j146450$qDDC 21$B145159$CPULBib$Z2$F145159 $H118174 $82 941 1 $a9 996 $6020$a978-88-6240-123-4$9(OLS)http://pul/number/148223 996 $6082$a220$9(OLS)http://pul/classification/523 996 $6245$aAscoltare, rispondere, vivere :$batti del congresso internazionale "La Sacra Scrittura nella vita e nella missione della Chiesa" (Roma, 1-4 dicembre 2010)$9(OLS)http://pul/title/159993 996 $6260$aMilano :$bEdizioni Terra Santa$9(OLS)http://pul/publisher/80368 LEADER 01501nam a2200361 a 4500 001 000000148918 003 CaOOAMICUS 005 20160128133030.0 008 160128s2015 it u000 u ita r 020 $a978-88-343-3071-5* 032 $aLibriCat 040 $aPUL$bita 245 00$aAgostino Casaroli: lo sguardo lungo della Chiesa / $ca cura di Antonio G. Chizzoniti. 260 $aMilano :$bV&P,$c©2015. 300 $aXVI, 200 p. ;$c22 cm. 490 1 $aRicerche. Storia 490 1 $aVita e pensiero. Universitą 504 $aBibliografia in nota. 600 14$aCasaroli, Agostino,$ccard.,$d1914-1998.$0(OLS)http://pul/subject/12480 700 1 $aChizzoniti, Antonio G.,$d1960-$0(OLS)http://pul/name/33836 830 0$aUniversitą (Vita e Pensiero).$0(OLS)http://pul/title/154439 830 0$aRicerche (Vita e Pensiero).$pStoria.$0(OLS)http://pul/title/174438 850 $aPUL 852 $aPUL$W1$xDP1 Cons. Gen., Altre Classi 1$y22$m389 C 74$j171633$qStampati$B173131$CPULBib$Z2$F173131 $H126941 $81 941 1 $a8 983 0$aVita e pensiero.$pUniversitą. 983 0$aV & P. Universitą. 983 0$aStoria.$pRicerche (Vita e pensiero) 983 0$aV & P. Storia. Ricerche. 996 $6020$a978-88-343-3071-5*$9(OLS)http://pul/number/159472 996 $6245$aAgostino Casaroli: lo sguardo lungo della Chiesa / $9(OLS)http://pul/title/187786 996 $6260$aMilano :$bV&P$9(OLS)http://pul/publisher/78336